[Event "Encarnacion op 3rd"]
[Site "Encarnacion"]
[Date "2018.05.14"]
[Round "6"]
[White "Avalos Arguello, Jose Mathias"]
[Black "Benitez Irazusta, Eduardo A"]
[Result "1-0"]
[WhiteElo "1694"]
[BlackElo "1736"]
[PlyCount "87"]
[EventDate "2018.05.12"]
[EventType "swiss"]
[EventRounds "7"]
[EventCountry "PAR"]
[SourceTitle "CBM 184 Extra"]
[Source "ChessBase"]
[SourceDate "2018.06.28"]
[SourceVersion "1"]
[SourceVersionDate "2018.06.28"]
[SourceQuality "1"]

1. d4 Nf6 2. c4 e5 3. dxe5 Ng4 4. e3 Nxe5 5. f4 Bb4+ 6. Nc3 Ng6 7. Bd3 d5 8. Bxg6 hxg6 9. cxd5 b6 10. Qa4+ Nc6 11. Qxc6+ Bd7 12. Qc4 Qe7 13. Nf3 Rc8 14. 0-0 c6 15. Qd4 Kf8 16. Ne5 Bf5 17. Nxc6 Qh4 18. Qxb4+ Ke8 19. Qe7+ Qxe7 20. Nxe7 Kxe7 21. e4 Bd7 22. Be3 b5 23. a3 a5 24. Rfc1 Rc4 25. b4 Rhc8 26. Bc5+ Ke8 27. g3 a4 28. Kf2 f6 29. Ke3 Kf7 30. Ne2 Rxc1 31. Rxc1 Rh8 32. h4 g5 33. fxg5 fxg5 34. hxg5 Rh2 35. Rf1+ Kg6 36. e5 Bg4 37. Rf2 Rh1 38. Nc3 Re1+ 39. Kf4 Bf5 40. g4 Bd3 41. Rd2 Rf1+ 42. Bf2 Bc4 43. d6 Be6 44. Nxb5 1-0

[Event "Encarnacion op 3rd"]
[Site "Encarnacion"]
[Date "2018.05.13"]
[Round "3"]
[White "Benitez Irazusta, Eduardo A"]
[Black "Fernandez, Jose Baldomero"]
[Result "1-0"]
[WhiteElo "1736"]
[BlackElo "1834"]
[PlyCount "65"]
[EventDate "2018.05.12"]
[EventType "swiss"]
[EventRounds "7"]
[EventCountry "PAR"]
[SourceTitle "CBM 184 Extra"]
[Source "ChessBase"]
[SourceDate "2018.06.28"]
[SourceVersion "1"]
[SourceVersionDate "2018.06.28"]
[SourceQuality "1"]

1. Nf3 Nf6 2. d4 e6 3. g3 b6 4. Bg2 Bb7 5. c4 Be7 6. Nc3 0-0 7. 0-0 d6 8. Re1 Ne4 9. Qc2 f5 10. b3 Nd7 11. Bb2 Bf6 12. Rad1 Nxc3 13. Bxc3 Qe7 14. Ne5 Bxg2 15. Nxd7 Qxd7 16. Kxg2 Rae8 17. e4 fxe4 18. Rxe4 c5 19. f3 d5 20. dxc5 Bxc3 21. Qxc3 Qc6 22. Rg4 g6 23. cxb6 axb6 24. Qd3 Rf5 25. h4 Ref8 26. Rf1 dxc4 27. Rxc4 Qb7 28. Qc3 Qa6 29. Rf2 Rd5 30. Rc7 e5 31. Qc6 Qb5 32. Qe6+ Kh8 33. Qe7 1-0

[Event "Encarnacion op 3rd"]
[Site "Encarnacion"]
[Date "2018.05.13"]
[Round "5"]
[White "Benitez Irazusta, Eduardo A"]
[Black "Krauss, Victor Fernando"]
[Result "1-0"]
[WhiteElo "1736"]
[BlackElo "1625"]
[PlyCount "91"]
[EventDate "2018.05.12"]
[EventType "swiss"]
[EventRounds "7"]
[EventCountry "PAR"]
[SourceTitle "CBM 184 Extra"]
[Source "ChessBase"]
[SourceDate "2018.06.28"]
[SourceVersion "1"]
[SourceVersionDate "2018.06.28"]
[SourceQuality "1"]

1. Nf3 Nf6 2. d4 d5 3. c4 e6 4. Nc3 Be7 5. b3 0-0 6. Qc2 Nbd7 7. Bd2 c5 8. e3 b6 9. Bd3 Bb7 10. 0-0 dxc4 11. bxc4 Bxf3 12. gxf3 g6 13. Ne2 Qc7 14. Ng3 Rac8 15. a4 Rfd8 16. Bc3 Bf8 17. Ne4 Nxe4 18. fxe4 Bg7 19. f4 Nf8 20. d5 Bxc3 21. Qxc3 Qe7 22. Bc2 Nd7 23. Rad1 Nf6 24. d6 Rxd6 25. Rxd6 Qxd6 26. Qxf6 Qd2 27. Rf2 Qxe3 28. f5 Qd4 29. fxe6 Qxf6 30. Rxf6 fxe6 31. Kf2 Rd8 32. Ke3 Re8 33. e5 Kg7 34. Bd1 Rd8 35. Bg4 Rd4 36. Bxe6 Rd1 37. Rf7+ Kh6 38. Rxa7 Re1+ 39. Kf4 Rf1+ 40. Ke4 Re1+ 41. Kd5 Rd1+ 42. Kc6 Re1 43. Kd6 g5 44. Bd5 Kg6 45. e6 h5 46. Rb7 1-0

[Event "Asuncion Clasificatorio op 4th"]
[Site "Asuncion"]
[Date "2016.07.03"]
[Round "5.3"]
[White "Benitez Irazusta, Eduardo A"]
[Black "Benitez Galeano, Alejandro"]
[Result "0-1"]
[WhiteElo "1751"]
[BlackElo "1904"]
[PlyCount "88"]
[EventDate "2016.07.01"]
[EventType "swiss"]
[EventRounds "7"]
[EventCountry "PAR"]
[SourceTitle "EXT 2023"]
[Source "ChessBase"]
[SourceDate "2022.10.05"]
[SourceVersion "1"]
[SourceVersionDate "2022.10.05"]
[SourceQuality "1"]

1. e4 c5 2. Nf3 d6 3. Bc4 Nf6 4. d3 Nc6 5. 0-0 g6 6. c3 Bg7 7. Bg5 0-0 8. h3 a6 9. Bb3 b5 10. Nbd2 Nd7 11. Qe2 Nb6 12. Rac1 a5 13. Nh2 a4 14. Bc2 b4 15. Bb1 a3 16. bxa3 bxc3 17. Nc4 Nxc4 18. dxc4 Rxa3 19. Be3 Qa5 20. f4 Ba6 21. Nf3 Qa4 22. Rf2 Bxc4 23. Qe1 Bxa2 24. Bxa2 Rxa2 25. e5 c2 26. Qc3 Nb4 27. Ne1 Rb8 28. Nxc2 Nxc2 29. Rfxc2 Rxc2 30. Rxc2 Rb3 31. Qd2 Rxe3 32. exd6 exd6 33. Ra2 Ra3 34. Rxa3 Qxa3 35. Qxd6 Qa1+ 36. Kh2 Qd4 37. Qb8+ Bf8 38. Kg3 c4 39. Qb1 Qd3+ 40. Qxd3 cxd3 41. Kf3 Bc5 42. g4 f5 43. g5 Bd4 44. h4 Bc5 0-1

[Event "Asuncion Clasificatorio op 3rd"]
[Site "Asuncion"]
[Date "2015.07.19"]
[Round "6.8"]
[White "Flores, Rodney"]
[Black "Benitez Irazusta, Eduardo A"]
[Result "0-1"]
[WhiteElo "1835"]
[BlackElo "1703"]
[PlyCount "88"]
[EventDate "2015.07.17"]
[EventType "swiss"]
[EventRounds "7"]
[EventCountry "PAR"]
[SourceTitle "EXT 2023"]
[Source "ChessBase"]
[SourceDate "2022.10.05"]
[SourceVersion "1"]
[SourceVersionDate "2022.10.05"]
[SourceQuality "1"]

1. e4 c5 2. b4 b6 3. bxc5 bxc5 4. Nf3 Nc6 5. d4 cxd4 6. Nxd4 Bb7 7. Be2 g6 8. Bb2 Nf6 9. 0-0 Qb6 10. Nb3 Bg7 11. N1d2 d6 12. Nc4 Qc7 13. f3 0-0 14. Qd2 Ba6 15. Rab1 Rfc8 16. Rf2 Rab8 17. Ba3 Bxc4 18. Bxc4 Ne5 19. Ba6 Nc4 20. Bxc4 Qxc4 21. Rd1 Nd7 22. Kh1 Qa4 23. Qa5 Qxa5 24. Nxa5 Bb2 25. Bxb2 Rxb2 26. h3 Rxa2 27. Nb3 a5 28. Ra1 Rxa1+ 29. Nxa1 a4 30. c3 Rxc3 31. Ra2 Nc5 32. Nc2 Kg7 33. Nb4 Rb3 34. Nc6 Kf6 35. Kh2 h5 36. h4 Rb6 37. Na5 Rb5 38. Nc6 Rb3 39. Na5 Rc3 40. Ra1 a3 41. Kg1 Nd3 42. Kh2 g5 43. hxg5+ Kxg5 44. g3 Rc2+ 0-1

[Event "Asuncion Clasificatorio op 3rd"]
[Site "Asuncion"]
[Date "2015.07.18"]
[Round "3.5"]
[White "Benitez Irazusta, Eduardo A"]
[Black "Benitez Galeano, Alejandro"]
[Result "1/2-1/2"]
[WhiteElo "1703"]
[BlackElo "1943"]
[PlyCount "80"]
[EventDate "2015.07.17"]
[EventType "swiss"]
[EventRounds "7"]
[EventCountry "PAR"]
[SourceTitle "EXT 2023"]
[Source "ChessBase"]
[SourceDate "2022.10.05"]
[SourceVersion "1"]
[SourceVersionDate "2022.10.05"]
[SourceQuality "1"]

1. d4 Nf6 2. c4 c5 3. d5 d6 4. Nc3 g6 5. e4 Bg7 6. Bd3 0-0 7. Nge2 e6 8. 0-0 exd5 9. exd5 a6 10. Bg5 h6 11. Bh4 Nbd7 12. Qc2 Ne5 13. f4 Nxd3 14. Qxd3 Re8 15. Rae1 Bf5 16. Qd2 Qa5 17. Ng3 Bd7 18. Rxe8+ Rxe8 19. Re1 Ng4 20. Rxe8+ Bxe8 21. Nge4 Bd4+ 22. Kh1 Qc7 23. h3 Ne3 24. Qe2 Bd7 25. Bf2 Nf5 26. Bxd4 Nxd4 27. Nf6+ Kf8 28. Qe1 b5 29. cxb5 axb5 30. Nce4 Kg7 31. g4 b4 32. Qh4 Nf3 33. Qf2 Nd4 34. Qh4 Nf3 35. Nh5+ Kf8 36. Qf6 gxh5 37. Qxh6+ Ke7 38. Qf6+ Kf8 39. Qh8+ Ke7 40. Qf6+ Kf8 1/2-1/2

[Event "Asuncion Clasificatorio op 3rd"]
[Site "Asuncion"]
[Date "2015.07.18"]
[Round "2.15"]
[White "Medina, Carlos Fermin"]
[Black "Benitez Irazusta, Eduardo A"]
[Result "0-1"]
[WhiteElo "1431"]
[BlackElo "1703"]
[PlyCount "104"]
[EventDate "2015.07.17"]
[EventType "swiss"]
[EventRounds "7"]
[EventCountry "PAR"]
[SourceTitle "EXT 2023"]
[Source "ChessBase"]
[SourceDate "2022.10.05"]
[SourceVersion "1"]
[SourceVersionDate "2022.10.05"]
[SourceQuality "1"]

1. e4 c5 2. Nf3 Nc6 3. Bc4 e6 4. Nc3 Nf6 5. d3 a6 6. Bg5 h6 7. Bh4 Be7 8. a3 d5 9. exd5 Nxd5 10. Bxe7 Ncxe7 11. Qd2 b5 12. Bxd5 Nxd5 13. Ne4 Qc7 14. c4 Nb6 15. Rd1 0-0 16. b3 Bb7 17. Qe2 Rfd8 18. 0-0 Nc8 19. Qe3 Bxe4 20. dxe4 Nd6 21. Qe2 Qb7 22. Rfe1 Rd7 23. Ne5 Rdd8 24. f3 f6 25. Ng4 Nf7 26. h4 Rd4 27. Rxd4 cxd4 28. e5 f5 29. Nf2 bxc4 30. Qxc4 Qb5 31. Qxe6 Re8 32. Qxf5 Nxe5 33. Nd3 Nxd3 34. Rxe8+ Qxe8 35. Qxd3 Qe1+ 36. Qf1 Qxh4 37. Qxa6 Qe1+ 38. Qf1 Qe3+ 39. Qf2 Qc1+ 40. Kh2 d3 41. Qa7 Qf4+ 42. Kg1 d2 43. Qa8+ Kh7 44. Qd5 Qe3+ 45. Kh2 Qe2 46. Qf5+ Kg8 47. Qd5+ Kf8 48. Qd8+ Kf7 49. Qd5+ Ke7 50. Qc5+ Ke6 51. Qc6+ Kf5 52. Qd5+ Qe5+ 0-1

[Event "Encarnacion op 1st"]
[Site "Encarnacion"]
[Date "2015.04.04"]
[Round "6"]
[White "Benitez Irazusta, Eduardo A"]
[Black "Cantero, Carlos Ramon"]
[Result "1-0"]
[WhiteElo "1714"]
[BlackElo "1891"]
[PlyCount "107"]
[EventDate "2015.04.02"]
[EventType "swiss"]
[EventRounds "7"]
[EventCountry "PAR"]
[SourceTitle "CBM 166 Extra"]
[Source "ChessBase"]
[SourceDate "2015.06.18"]
[SourceVersion "1"]
[SourceVersionDate "2015.06.18"]
[SourceQuality "1"]

1. e4 e5 2. Nf3 Nc6 3. d4 exd4 4. Bc4 Nf6 5. 0-0 Be7 6. Nxd4 Ne5 7. Bb3 d6 8. Nc3 0-0 9. f4 Ng6 10. h3 c6 11. Be3 Qc7 12. Qd3 Re8 13. Rae1 Bd7 14. Nf3 Rad8 15. Ng5 Rf8 16. Qc4 Be8 17. Bd4 Qb8 18. Qe2 h6 19. e5 dxe5 20. Bxe5 Nxe5 21. fxe5 hxg5 22. exf6 Bxf6 23. Ne4 Be7 24. Qh5 a5 25. Nxg5 Bxg5 26. Qxg5 a4 27. Bxa4 Rd5 28. Qh4 g5 29. Qf2 Bd7 30. Bb3 Rf5 31. Qd2 Qd8 32. Rd1 Rxf1+ 33. Kxf1 Qf6+ 34. Kg1 Be6 35. Rf1 Qe7 36. Qe3 Re8 37. Re1 Qd8 38. c3 Kf8 39. Qc5+ Kg8 40. Re5 Bxb3 41. Rxe8+ Qxe8 42. Qxg5+ Kf8 43. axb3 Qe1+ 44. Kh2 Qe6 45. b4 b5 46. Qd8+ Kg7 47. Qd4+ Kf8 48. h4 Qe1 49. h5 Qc1 50. Qf6 Qd1 51. h6 Qh5+ 52. Kg3 Ke8 53. Qxc6+ Kd8 54. Qf6+ 1-0

[Event "Asuncion Patriarca Memorial op"]
[Site "Asuncion"]
[Date "2015.01.19"]
[Round "7"]
[White "Benitez Irazusta, Eduardo A"]
[Black "Gonzalez, Augusto"]
[Result "0-1"]
[WhiteElo "1739"]
[BlackElo "1729"]
[PlyCount "54"]
[EventDate "2015.01.13"]
[EventType "swiss"]
[EventRounds "7"]
[EventCountry "PAR"]
[SourceTitle "CBM 164 Extra"]
[Source "ChessBase"]
[SourceDate "2015.03.02"]
[SourceVersion "1"]
[SourceVersionDate "2015.03.02"]
[SourceQuality "1"]

1. e4 e6 2. d4 d5 3. Nd2 Nf6 4. e5 Nfd7 5. c3 c5 6. Bd3 Nc6 7. Ne2 cxd4 8. cxd4 f6 9. f4 fxe5 10. fxe5 Nxd4 11. 0-0 Nxe5 12. Nxd4 Nxd3 13. Qf3 Ne5 14. Qh5+ Ng6 15. N2f3 Bb4 16. Be3 0-0 17. Rac1 Be7 18. Ng5 Bxg5 19. Bxg5 Qd6 20. Rxf8+ Qxf8 21. Bd2 e5 22. Nb5 Bd7 23. Nc7 Rc8 24. Nxd5 Rxc1+ 25. Bxc1 Qc5+ 26. Be3 Qxd5 27. Bxa7 Nf4 0-1

[Event "Asuncion Club Centenario op"]
[Site "Asuncion"]
[Date "2011.09.30"]
[Round "2.5"]
[White "Benitez Irazusta, Eduardo A"]
[Black "Heinechen, John"]
[Result "0-1"]
[WhiteElo "1679"]
[BlackElo "1810"]
[PlyCount "84"]
[EventDate "2011.09.29"]
[EventType "swiss"]
[EventRounds "7"]
[EventCountry "PAR"]
[SourceTitle "EXT 2023"]
[Source "ChessBase"]
[SourceDate "2022.10.05"]
[SourceVersion "1"]
[SourceVersionDate "2022.10.05"]
[SourceQuality "1"]

1. e4 c5 2. Nf3 e6 3. c3 d5 4. exd5 exd5 5. d4 Nf6 6. Bg5 Be7 7. Be2 0-0 8. 0-0 Nc6 9. Nbd2 Be6 10. dxc5 d4 11. cxd4 Nxd4 12. b4 a5 13. Nxd4 Qxd4 14. b5 Qxc5 15. Be3 Qf5 16. a4 Rfd8 17. Bf3 Nd5 18. Qe1 Bb4 19. Bxd5 Qxd5 20. Rd1 Qd3 21. Bg5 Rd5 22. Qe4 Bf5 23. Qxd3 Bxd3 24. Nf3 f6 25. Be3 Rad8 26. g3 Bxf1 27. Rxd5 Rxd5 28. Kxf1 Rd1+ 29. Ke2 Ra1 30. Nd4 Rxa4 31. Ne6 Be7 32. Nc5 Bxc5 33. Bxc5 Kf7 34. Kd3 Ke6 35. Kc3 Kd5 36. Kb3 Ra1 37. Bf8 g6 38. Bg7 Rf1 39. f4 f5 40. Ka4 b6 41. Be5 Re1 42. Bc7 Kc4 0-1

[Event "Asuncion Preclasificatorio Mayor"]
[Site "Asuncion"]
[Date "2011.07.17"]
[Round "5"]
[White "Salinas, Victor"]
[Black "Benitez Irazusta, Eduardo A"]
[Result "1-0"]
[WhiteElo "1667"]
[BlackElo "1681"]
[PlyCount "90"]
[EventDate "2011.07.02"]
[EventType "swiss"]
[EventRounds "7"]
[EventCountry "PAR"]
[SourceTitle "EXT 2023"]
[Source "ChessBase"]
[SourceDate "2022.10.05"]
[SourceVersion "1"]
[SourceVersionDate "2022.10.05"]
[SourceQuality "1"]

1. d4 d5 2. Nf3 Nf6 3. Bf4 Bf5 4. e3 e6 5. Nh4 Be4 6. f3 Bg6 7. Nxg6 hxg6 8. Bg5 Nbd7 9. Nd2 Bd6 10. e4 Bg3+ 11. hxg3 Rxh1 12. e5 Qe7 13. c3 0-0-0 14. Qa4 Kb8 15. 0-0-0 c5 16. exf6 gxf6 17. Be3 c4 18. g4 Nb6 19. Qb4 Qc7 20. Be2 Rdh8 21. f4 Nc8 22. Bf3 Ne7 23. a4 f5 24. Rxh1 Rxh1+ 25. Kc2 a6 26. b3 cxb3+ 27. Nxb3 fxg4 28. Bxg4 Nf5 29. Bxf5 gxf5 30. Nc5 Ka7 31. Nd3 Rh2 32. Ne1 b6 33. Kd1 Kb7 34. Qb2 a5 35. Nf3 Qc4 36. Nxh2 Qxa4+ 37. Qc2 Qc4 38. Kc1 b5 39. Kb2 Ka6 40. g4 fxg4 41. Nxg4 Qf1 42. Ne5 f6 43. Nd7 Qh3 44. Bd2 Qf5 45. Nc5+ Kb6 1-0

[Event "Asuncion Preclasificatorio Mayor"]
[Site "Asuncion"]
[Date "2011.07.02"]
[Round "1"]
[White "Benitez Irazusta, Eduardo A"]
[Black "Barrientos, Ernesto"]
[Result "0-1"]
[WhiteElo "1681"]
[BlackElo "1959"]
[PlyCount "70"]
[EventDate "2011.07.02"]
[EventType "swiss"]
[EventRounds "7"]
[EventCountry "PAR"]
[SourceTitle "EXT 2023"]
[Source "ChessBase"]
[SourceDate "2022.10.05"]
[SourceVersion "1"]
[SourceVersionDate "2022.10.05"]
[SourceQuality "1"]

1. Nf3 d5 2. g3 e6 3. Bg2 f5 4. d4 Nf6 5. 0-0 Bd6 6. c4 c6 7. c5 Bc7 8. b4 0-0 9. Bg5 h6 10. Bh4 g5 11. Nxg5 hxg5 12. Bxg5 a5 13. Qd2 axb4 14. Bh6 Rf7 15. f3 Kh8 16. e4 Nbd7 17. Bg5 Qg8 18. e5 Nh7 19. Bf4 b6 20. Qxb4 bxc5 21. Qc3 Ba5 22. Qc2 Ba6 23. Rd1 c4 24. Nc3 Rb8 25. Ne2 Nb6 26. Be3 Rfb7 27. Nf4 c3 28. Bf2 Nc4 29. Nd3 Nb2 30. Nxb2 Rxb2 31. Qa4 Qd8 32. Be1 Qb6 33. Rdc1 c2 34. Rxc2 Rxc2 35. Qxc2 Qxd4+ 0-1

[Event "PAR-ch"]
[Site "Asuncion"]
[Date "2010.07.04"]
[Round "8"]
[White "Ibanez, Juan"]
[Black "Benitez Irazusta, Eduardo A"]
[Result "1-0"]
[WhiteElo "2001"]
[BlackElo "1595"]
[PlyCount "47"]
[EventDate "2010.06.12"]
[EventType "swiss"]
[EventRounds "9"]
[EventCountry "PAR"]
[SourceTitle "CBM 137 Extra"]
[Source "ChessBase"]
[SourceDate "2010.09.01"]
[SourceVersion "1"]
[SourceVersionDate "2010.09.01"]
[SourceQuality "1"]

1. e4 e6 2. d4 d5 3. Nc3 Nf6 4. Bg5 dxe4 5. Nxe4 Be7 6. Bxf6 Bxf6 7. Nf3 Nd7 8. Bd3 b6 9. Qe2 Bb7 10. 0-0-0 Qe7 11. g4 g6 12. Rhe1 0-0-0 13. a3 c5 14. Ba6 cxd4 15. Nxd4 Nc5 16. Nxc5 Qxc5 17. Bxb7+ Kxb7 18. Qf3+ Rd5 19. Qxf6 Rc8 20. c3 Rc7 21. f4 Qc4 22. Kb1 h5 23. f5 gxf5 24. gxh5 1-0

[Event "PAR-ch"]
[Site "Asuncion"]
[Date "2010.06.26"]
[Round "6"]
[White "Gimenez Samaniego, Victor"]
[Black "Benitez Irazusta, Eduardo A"]
[Result "0-1"]
[WhiteElo "1552"]
[BlackElo "1595"]
[PlyCount "102"]
[EventDate "2010.06.12"]
[EventType "swiss"]
[EventRounds "9"]
[EventCountry "PAR"]
[SourceTitle "CBM 137 Extra"]
[Source "ChessBase"]
[SourceDate "2010.09.01"]
[SourceVersion "1"]
[SourceVersionDate "2010.09.01"]
[SourceQuality "1"]

1. e4 c5 2. Nf3 Nc6 3. Nc3 e5 4. Bb5 Nge7 5. 0-0 a6 6. Bc4 b5 7. Bxf7+ Kxf7 8. Ng5+ Kg8 9. Qf3 Qe8 10. Nd5 Nxd5 11. exd5 Nd4 12. Qe4 d6 13. c3 Bf5 14. Qe3 Nc2 15. Qf3 Qg6 16. d4 cxd4 17. g4 Bd7 18. Rb1 Be7 19. Qe4 Qxe4 20. Nxe4 Bxg4 21. f3 Bh3 22. Rf2 Ne3 23. cxd4 exd4 24. Bd2 Rc8 25. Bb4 Bf5 26. Bxd6 Bxe4 27. fxe4 Bxd6 28. Rd2 Kf7 29. b4 Rc4 30. a3 Rhc8 31. Rbb2 Rc1+ 32. Kf2 Rf1+ 33. Ke2 Rcc1 34. Kd3 Be5 35. d6 Rc3+ 36. Ke2 Ke6 37. Rd3 Rxd3 38. Kxd3 Kxd6 39. Ke2 d3+ 40. Kxe3 Bxb2 41. Kxd3 Ke5 42. Ke2 Rh1 43. Kf3 Rxh2 44. Ke3 Rh3+ 45. Kd2 Kxe4 46. Kc2 Ba1 47. Kd2 Rh2+ 48. Kc1 Kd3 49. Kb1 Kc3 50. Kxa1 Kb3 51. Kb1 Rh1# 0-1

[Event "PAR-ch"]
[Site "Asuncion"]
[Date "2010.06.20"]
[Round "5"]
[White "Saldana, Fernando Javier"]
[Black "Benitez Irazusta, Eduardo A"]
[Result "1-0"]
[WhiteElo "1833"]
[BlackElo "1595"]
[PlyCount "109"]
[EventDate "2010.06.12"]
[EventType "swiss"]
[EventRounds "9"]
[EventCountry "PAR"]
[SourceTitle "CBM 137 Extra"]
[Source "ChessBase"]
[SourceDate "2010.09.01"]
[SourceVersion "1"]
[SourceVersionDate "2010.09.01"]
[SourceQuality "1"]

1. e4 e6 2. d4 d5 3. Nc3 Nf6 4. Bg5 Be7 5. e5 Nfd7 6. Bxe7 Qxe7 7. f4 c5 8. Nf3 0-0 9. Bd3 a6 10. 0-0 Nc6 11. dxc5 f6 12. Qe2 fxe5 13. Nxe5 Qxc5+ 14. Kh1 Ndxe5 15. fxe5 Nb4 16. Rxf8+ Qxf8 17. Rf1 Qe7 18. Qh5 Nxd3 19. cxd3 Bd7 20. a3 Rf8 21. Qe2 b5 22. Rxf8+ Qxf8 23. h3 b4 24. axb4 Qxb4 25. Qf2 d4 26. Ne4 Be8 27. Ng5 Qe7 28. Nf3 Bc6 29. Qxd4 h6 30. Kh2 Qb7 31. Qf2 Qf7 32. Qe3 Qb7 33. Qe2 Qb4 34. Ne1 Qf4+ 35. Kg1 g5 36. Nc2 Kg7 37. Qe3 Qa4 38. Nd4 Bd5 39. Kh2 Qb4 40. Qf2 Qe7 41. Ne2 Kg6 42. Ng3 h5 43. Qe2 g4 44. Ne4 Bxe4 45. Qxe4+ Kh6 46. Qf4+ Qg5 47. Qf6+ Qxf6 48. exf6 Kg6 49. f7 Kxf7 50. hxg4 hxg4 51. Kg3 Kf6 52. Kxg4 Ke5 53. Kf3 Kd4 54. Ke2 Ke5 55. Ke3 1-0

[Event "PAR-ch"]
[Site "Asuncion"]
[Date "2010.06.19"]
[Round "4"]
[White "Benitez Irazusta, Eduardo A"]
[Black "Zarate, Fernandoh"]
[Result "1-0"]
[WhiteElo "1595"]
[BlackElo "1662"]
[PlyCount "81"]
[EventDate "2010.06.12"]
[EventType "swiss"]
[EventRounds "9"]
[EventCountry "PAR"]
[SourceTitle "CBM 137 Extra"]
[Source "ChessBase"]
[SourceDate "2010.09.01"]
[SourceVersion "1"]
[SourceVersionDate "2010.09.01"]
[SourceQuality "1"]

1. f4 d6 2. Nf3 Nf6 3. d3 g6 4. e4 Bg7 5. g3 0-0 6. Bg2 c5 7. 0-0 a6 8. Nc3 Nc6 9. Nh4 Ng4 10. Ne2 Nd4 11. c3 Nxe2+ 12. Qxe2 f5 13. h3 Nf6 14. exf5 gxf5 15. Be3 b5 16. Bxa8 Be6 17. Bg2 c4 18. Rad1 cxd3 19. Qxd3 Bc4 20. Qxf5 e6 21. Qc2 Bxf1 22. Bxf1 Nh5 23. Kh2 e5 24. f5 d5 25. Be2 Nf6 26. Nf3 Ne4 27. Bd3 Nd6 28. Bc5 e4 29. Bxe4 Nxe4 30. Bxf8 Qb8 31. Bd6 Nxd6 32. Rxd5 Nc4 33. Qd3 Bf8 34. b3 Nd6 35. Ng5 Qa7 36. Kg2 Qb7 37. f6 h6 38. f7+ Kg7 39. Ne6+ Kf6 40. Nxf8 Kxf7 41. Qf3+ 1-0

[Event "Asuncion Preclasificatorio Mayor"]
[Site "Asuncion"]
[Date "2010.05.04"]
[Round "8"]
[White "Benitez Irazusta, Eduardo A"]
[Black "Berni, Miguel"]
[Result "1-0"]
[WhiteElo "1595"]
[BlackElo "1722"]
[PlyCount "109"]
[EventDate "2010.04.05"]
[EventType "swiss"]
[EventRounds "9"]
[EventCountry "PAR"]
[SourceTitle "EXT 2023"]
[Source "ChessBase"]
[SourceDate "2022.10.05"]
[SourceVersion "1"]
[SourceVersionDate "2022.10.05"]
[SourceQuality "1"]

1. d4 d6 2. e4 Nf6 3. Bd3 g6 4. f4 Bg7 5. Nf3 0-0 6. 0-0 Bg4 7. Be3 Nfd7 8. c3 c5 9. Nbd2 cxd4 10. Bxd4 Bxd4+ 11. cxd4 e5 12. fxe5 dxe5 13. d5 Nc5 14. Qc2 Nxd3 15. Qxd3 Nd7 16. b3 Qb6+ 17. Kh1 Bxf3 18. Rxf3 Rac8 19. Nc4 Qb4 20. Raf1 b5 21. Nd2 Nc5 22. Qe3 Qd4 23. h3 Qxe3 24. Rxe3 Nd7 25. a4 Rc2 26. Nb1 b4 27. Kg1 Rfc8 28. Rf2 Rc1+ 29. Rf1 Rxf1+ 30. Kxf1 f5 31. exf5 gxf5 32. Nd2 Rc3 33. Ke2 Rxe3+ 34. Kxe3 Kf7 35. Kd3 Nb6 36. Nc4 Kf6 37. Nxb6 axb6 38. Kc4 e4 39. Kxb4 Ke5 40. Kc4 f4 41. b4 f3 42. gxf3 exf3 43. Kd3 f2 44. Ke2 f1Q+ 45. Kxf1 Kxd5 46. a5 bxa5 47. bxa5 Kc5 48. Kf2 Kb5 49. Kg3 Kxa5 50. Kg4 Kb6 51. Kh5 Kc6 52. Kh6 Kd6 53. Kxh7 Ke6 54. Kg6 Ke7 55. Kg7 1-0

[Event "Asuncion Preclasificatorio Mayor"]
[Site "Asuncion"]
[Date "2010.04.28"]
[Round "7"]
[White "Benitez Irazusta, Eduardo A"]
[Black "Sartori, Alvaro"]
[Result "1-0"]
[WhiteElo "1595"]
[BlackElo "1736"]
[PlyCount "67"]
[EventDate "2010.04.05"]
[EventType "swiss"]
[EventRounds "9"]
[EventCountry "PAR"]
[SourceTitle "EXT 2023"]
[Source "ChessBase"]
[SourceDate "2022.10.05"]
[SourceVersion "1"]
[SourceVersionDate "2022.10.05"]
[SourceQuality "1"]

1. d4 Nf6 2. c4 e6 3. Bg5 b6 4. Nf3 Bb7 5. Nc3 Be7 6. Qc2 d6 7. e4 Nbd7 8. Bd3 e5 9. d5 Nxd5 10. exd5 Bxg5 11. Bxh7 Qe7 12. Bf5 Nc5 13. b4 Na6 14. a3 Rg8 15. Qa4+ Kf8 16. Ne4 Bh6 17. 0-0 g6 18. Bd7 Nb8 19. Bh3 f5 20. Ng3 Bc8 21. Rae1 g5 22. Bxf5 Bxf5 23. Nxf5 Qf6 24. Nxh6 Qxh6 25. Nxe5 dxe5 26. Rxe5 Qg6 27. Rfe1 c6 28. Re6 Qd3 29. dxc6 Qxc4 30. c7 Na6 31. Re8+ Kg7 32. Qd7+ Kh8 33. Rxa8 Rxa8 34. Re8+ 1-0

[Event "Asuncion Preclasificatorio Mayor"]
[Site "Asuncion"]
[Date "2010.04.23"]
[Round "5"]
[White "Benitez Irazusta, Eduardo A"]
[Black "Gutierrez, Santiago"]
[Result "1-0"]
[WhiteElo "1595"]
[BlackElo "1832"]
[PlyCount "125"]
[EventDate "2010.04.05"]
[EventType "swiss"]
[EventRounds "9"]
[EventCountry "PAR"]
[SourceTitle "EXT 2023"]
[Source "ChessBase"]
[SourceDate "2022.10.05"]
[SourceVersion "1"]
[SourceVersionDate "2022.10.05"]
[SourceQuality "1"]

1. e4 c5 2. Nf3 d6 3. Be2 Nf6 4. d3 e6 5. Bg5 Be7 6. 0-0 0-0 7. h3 Qc7 8. Nbd2 Nc6 9. c3 d5 10. Qc2 Re8 11. Rac1 b6 12. d4 Bb7 13. e5 Nd7 14. Bxe7 Nxe7 15. Ng5 Ng6 16. Qd3 Qd8 17. f4 h6 18. Nxf7 Kxf7 19. Bh5 Ndf8 20. f5 exf5 21. Qxf5+ Kg8 22. Qf7+ Kh7 23. Qxb7 Re7 24. Qc6 Rc8 25. Qa4 cxd4 26. cxd4 Rxc1 27. Rxc1 Nf4 28. Qc2+ Kg8 29. Bf3 N8e6 30. Nb3 Rc7 31. Qd2 Rxc1+ 32. Qxc1 Qc7 33. Qc3 Qe7 34. g3 Nxh3+ 35. Kg2 Nhg5 36. Bxd5 Kh7 37. Nd2 Qe8 38. Nf3 Qd7 39. Bxe6 Nxe6 40. Qd3+ Kh8 41. d5 Nc5 42. e6 Nxe6 43. Qf5 Nc5 44. Qf8+ Kh7 45. d6 Ne4 46. Qe7 Nf6 47. Nd4 Kg8 48. Qxd7 Nxd7 49. Kf3 a5 50. Ke4 Kf7 51. Kd5 h5 52. Kc6 Ke8 53. Nf5 g6 54. Ne7 g5 55. Nf5 Kd8 56. b3 Kc8 57. Kd5 Kb7 58. Ke6 Kc6 59. Nd4+ Kc5 60. Kxd7 Kxd4 61. Ke6 h4 62. gxh4 gxh4 63. d7 1-0

[Event "Carlos Duria Memorial 4th"]
[Site "Asuncion"]
[Date "2010.01.22"]
[Round "3"]
[White "Benitez Irazusta, Eduardo A"]
[Black "Vera, Suarez Ruben R"]
[Result "1-0"]
[WhiteElo "1594"]
[BlackElo "1834"]
[PlyCount "71"]
[EventDate "2010.01.20"]
[EventType "swiss"]
[EventRounds "9"]
[EventCountry "PAR"]
[SourceTitle "EXT 2023"]
[Source "ChessBase"]
[SourceDate "2022.10.05"]
[SourceVersion "1"]
[SourceVersionDate "2022.10.05"]
[SourceQuality "1"]

1. d4 d5 2. c4 e6 3. Nc3 Nf6 4. Nf3 Nc6 5. Bg5 Be7 6. e3 0-0 7. Bd3 h6 8. Bh4 Nh7 9. Bg3 Ng5 10. a3 f5 11. Ne5 Nxe5 12. Bxe5 Ne4 13. 0-0 Bf6 14. f4 Bxe5 15. fxe5 Nxc3 16. bxc3 c6 17. c5 Qg5 18. Rf3 b5 19. a4 bxa4 20. Rxa4 a5 21. Qa1 Qd8 22. Rf2 Ba6 23. Bxa6 Rxa6 24. Rfa2 Qg5 25. Qe1 Rfa8 26. Qe2 f4 27. e4 Rf8 28. Qxa6 f3 29. Rf2 Qe3 30. Qf1 dxe4 31. Rxa5 Qxc3 32. Qa1 Qe3 33. Ra8 Rxa8 34. Qxa8+ Kh7 35. Qa2 fxg2 36. Qd2 1-0